=LDR 00000nam 2200000 4500 =001 INLIS000000000002517 =005 20130612090840 =008 ***********************************Ind** =035 ##$$0010-061300000002517 =041 ##$$a Ind =082 ##$$a 616.921 =090 ##$$a 616.921, Rab m =100 ##$$a Rab, Tabrani, H =245 ##$$a Mengatasi demam berdarah, H. Tabrani Rab; Editor, Petrus Andrianto =260 ##$$a 1992 $b Jakarta =300 ##$$a 26 hlm, 10 cm =650 ##$$a Demam Berdaarah =700 ##$$a Andrianto, Petrus =850 ##$$a NBPNMAT